Common TCP/IP Protocols and Ports - Statistics

General Stats
  • This quiz has been taken 105 times
    100 since last reset
  • The average score is 7 of 10
Answer Stats
Protocol Port# % Correct
HTTP 80
91%
FTP 21
84%
HTTPS 443
84%
FTP 20
83%
DNS 53
81%
SMTP 25
72%
DHCP 67
59%
DHCP 68
59%
RDP 3389
57%
POP3 110
53%
No matching quizzes found
Score Distribution
Percent of People with Each Score
Percentile by Number Answered
Your Score History
You have not taken this quiz since the last reset